<?xml version="1.0" encoding="UTF-8"?>
<record
    xmlns:xsi="http://www.w3.org/2001/XMLSchema-instance"
    xsi:schemaLocation="http://www.loc.gov/MARC21/slim http://www.loc.gov/standards/marcxml/schema/MARC21slim.xsd"
    xmlns="http://www.loc.gov/MARC21/slim">

  <leader>01438nam a22002417a 4500</leader>
  <datafield tag="952" ind1=" " ind2=" ">
    <subfield code="0">0</subfield>
    <subfield code="1">0</subfield>
    <subfield code="2">lcc</subfield>
    <subfield code="4">0</subfield>
    <subfield code="7">0</subfield>
    <subfield code="a">01</subfield>
    <subfield code="b">01</subfield>
    <subfield code="d">2019-06-04</subfield>
    <subfield code="l">0</subfield>
    <subfield code="o">375.001 J61 2019</subfield>
    <subfield code="p">01 014936</subfield>
    <subfield code="r">2019-06-04</subfield>
    <subfield code="t">1</subfield>
    <subfield code="w">2019-06-04</subfield>
    <subfield code="y">LB</subfield>
  </datafield>
  <datafield tag="999" ind1=" " ind2=" ">
    <subfield code="c">104210</subfield>
    <subfield code="d">104210</subfield>
  </datafield>
  <controlfield tag="008">190604s2019    mx            000 0 spa d</controlfield>
  <datafield tag="040" ind1=" " ind2=" ">
    <subfield code="a">UIN </subfield>
  </datafield>
  <datafield tag="082" ind1=" " ind2="4">
    <subfield code="a">375.001</subfield>
    <subfield code="b">J61 2019</subfield>
  </datafield>
  <datafield tag="100" ind1="1" ind2=" ">
    <subfield code="a">Jim&#xE9;nez Moreno, Jos&#xE9; Alfonso </subfield>
    <subfield code="e"> , autor </subfield>
  </datafield>
  <datafield tag="240" ind1="1" ind2="4">
    <subfield code="a">The evaluation and accreditation of professional education in Mexico: legitimacy and competitiveness as the goal of the university?</subfield>
    <subfield code="l">Espa&#xF1;ol </subfield>
  </datafield>
  <datafield tag="245" ind1="1" ind2="3">
    <subfield code="a">La evaluaci&#xF3;n y acreditaci&#xF3;n de la educaci&#xF3;n profesional en M&#xE9;xico</subfield>
    <subfield code="b"> : &#xBF;la legitimaci&#xF3;n y competitividad como fin de la universidad?</subfield>
    <subfield code="c"> / Jos&#xE9; Alfonso Jim&#xE9;nez Moreno </subfield>
    <subfield code="n"> [recurso electr&#xF3;nico]</subfield>
  </datafield>
  <datafield tag="260" ind1=" " ind2=" ">
    <subfield code="a">M&#xE9;xico</subfield>
    <subfield code="b"> : Universidad Nacional de Baja California </subfield>
    <subfield code="b"> , Instituto de Investigaci&#xF3;n y Desarrollo Educativo </subfield>
    <subfield code="c"> , 2019</subfield>
  </datafield>
  <datafield tag="300" ind1=" " ind2=" ">
    <subfield code="a">18 p&#xE1;ginas </subfield>
    <subfield code="b"> : gr&#xE1;ficas</subfield>
  </datafield>
  <datafield tag="500" ind1=" " ind2=" ">
    <subfield code="a">En: Revista de la Educaci&#xF3;n Superior 48 (189) 2019. pp. 55-72</subfield>
  </datafield>
  <datafield tag="500" ind1=" " ind2=" ">
    <subfield code="a">T&#xED;tulo en Ingl&#xE9;s: The evaluation and accreditation of professional education in Mexico: legitimacy and competitiveness as the goal of the university? </subfield>
  </datafield>
  <datafield tag="500" ind1=" " ind2=" ">
    <subfield code="a">El recurso se encuentra bajo Licencia Creative Commons (Acceso Abierto) </subfield>
  </datafield>
  <datafield tag="504" ind1=" " ind2=" ">
    <subfield code="a">Bibliograf&#xED;a: pp. 70-72</subfield>
  </datafield>
  <datafield tag="519" ind1=" " ind2=" ">
    <subfield code="a">Modalidad Ejecutiva / </subfield>
    <subfield code="b">Maestr&#xED;a en Educaci&#xF3;n / </subfield>
    <subfield code="c">Modalidades Educativas / </subfield>
    <subfield code="d">(01 014936) </subfield>
  </datafield>
  <datafield tag="650" ind1=" " ind2="4">
    <subfield code="a">EVALUACI&#xD3;N CURRICULAR</subfield>
  </datafield>
  <datafield tag="650" ind1=" " ind2="4">
    <subfield code="a">EDUCACI&#xD3;N SUPERIOR</subfield>
  </datafield>
  <datafield tag="856" ind1="4" ind2="1">
    <subfield code="u">http://resu.anuies.mx/ojs/index.php/resu/article/view/614/277</subfield>
  </datafield>
  <datafield tag="942" ind1=" " ind2=" ">
    <subfield code="c">LB</subfield>
    <subfield code="2">lcc</subfield>
  </datafield>
</record>
